| 000 | 00602nam a2200229Ia 4500 | ||
|---|---|---|---|
| 005 | 20140407131952.0 | ||
| 008 | 140130s9999 xx 000 0 und d | ||
| 020 | _a9780590542708 | ||
| 050 |
_aPZ 8.3 _b.B425Mad 1996 |
||
| 100 | _aBemelman, Ludwig. | ||
| 245 |
_cLudwig Bemelmans. _aMadeline and the gypsies / |
||
| 260 |
_bScholastic Inc., _cc1996. _aUSA : |
||
| 300 |
_a50 p. : _bcol. ill. ; _c33 cm. |
||
| 440 | _v1 | ||
| 521 | _aG4 | ||
| 526 | _c640 | ||
| 650 |
_aCircus _xFiction. |
||
| 650 |
_aRomanies _vFiction. |
||
| 650 | _aStories in rhyme. | ||
| 942 |
_cBK _2lcc |
||
| 999 |
_c41960 _d41960 |
||